000
00296nam a2200145Ia 4500
100
_a
Podlin/ Sharon
942
_c
BK
654
_a
computer
245
_a
Hands on Visual Basic 6
260
_b
B.P.B.
_c
2000
082
_a
005.133'U'
_b
POD
300
_a
448
546
_a
ENGLISH
999
_c
28723
_d
28723